000 01163nam a2200229 a 4500
003 AM-YEHGA
005 20250617164853.0
008 120514s1962 ru |||||r|||||001|0|rus||
040 _aAM-YeHGA
041 0 _arus
245 0 0 _aУчебные планы и программы для системы политического просвещения :
_b(Для слушателей политшкол, кружков, семинаров, начальных. эконом. школ, школ техминимума, агротехн. школ и изучающих по индивид. планам) /
_c[Под ред. Г.Е. Глезермана и др. ; АОН и ВПШ при ЦК КПСС]
260 _aМосква :
_bСоцэкгиз,
_c1962.
300 _a448 с. ;
_c22 см.
504 _aБиблиогр. в конце глав
650 1 4 _aОбщественные науки
700 1 _aГлезерман, Г. Е.
_eред.
_4edt
710 2 _aАкадемия Общественных наук
710 2 _aВысшая Партийная Школа при ЦК КПСС
942 _2udc
_cBK
001 1830739
090 _c569742
999 _c530988
_d530988